Maiores economias por hemisfério - Statistics

Estatísticas Gerais
  • Esse quiz foi jogado 65 vezes
  • A pontuação média é 18 de 20
Estatísticas das Respostas
PIB Países % Correto
2,17 mi Brasil
100%
28,78 mi Estados Unidos
100%
1,79 mi Austrália
98%
18,53 mi China
98%
3,13 mi França
98%
4,11 mi Japão
98%
0,63 mi Argentina
97%
4,59 mi Alemanha
95%
2,24 mi Canadá
95%
2,05 mi Rússia
95%
0,41 mi África do Sul
93%
3,49 mi Reino Unido
93%
3,93 mi Índia
92%
2,32 mi Itália
90%
0,24 mi Nova Zelândia
89%
1,47 mi Indonésia
87%
0,31 mi Chile
82%
0,23 mi Peru
69%
0,12 mi Angola
67%
0,11 mi Equador
36%
Nenhum quiz correspondente encontrado
Distribuição das Pontuações
Porcentagem de Pessoas com Cada Pontuação
Percentil de Números Respondidos
Sua Pontuação Histórica
Você não jogou esse quiz